000 01119nam a22003257a 4500
003 EG-ScBUE
005 20211025134130.0
008 090827s2004 ua a f 00010 aara d
017 _a2004 / 7427
020 _a9773057119
040 _aEG-ScBUE
_bara
_erda
_cEG-ScBUE
_dEG-ScBUE
082 0 4 _a778.53
_bش ي م
_222
100 1 _98687
_aشيمي، سعيد،
_eمؤلف.
245 1 0 _aتجربتي مع الصورة السينمائية /
_cسعيد شيمي.
264 1 _aالقاهرة :
_bالهيئة العامة لقصور الثقافة،
_c2004.
300 _aمجلدان :
_bإيضاحيات ؛
_c24 سم.
336 _2rdacontent
_aنص
_btxt
337 _2rdamedia
_aبدون وسيط
_bn
338 _2rdacarrier
_aمجلد
_bnc
490 0 _aآفاق السينما ؛
_v39
500 _aيشتمل على كشافات.
520 0 _aالجزء الأول.
541 _cإهداء.
600 1 7 _aشيمي، سعيد،
_2BUEsh
650 7 _98693
_aالتصوير السينمائي.
_2BUEsh
651 _2BUEsh
653 _bART
_cOctober2021
655 _vReading book
_934232
942 _2ddc
_cBB
999 _c12726
_d12726